Où c'est qu'j'ai mis mon flingue - Paroles Renaud - Statistiques

Statistiques générales
  • Ce quiz a été pris 169 fois
  • Le résultat moyen est 324 sur 496
Statistiques - réponses
Paroles % Correct
ou
99%
99%
ce
98%
la
97%
La
97%
97%
ma
97%
m'a
97%
A
96%
a
96%
à
96%
de
96%
que
96%
ça
95%
dans
92%
des
92%
je
92%
Je
92%
le
92%
les
91%
Les
91%
qui
91%
Qui
91%
mon
90%
bien
89%
faute
89%
me
88%
soit
88%
gueule
87%
moi
86%
Moi,
86%
Moi
86%
flingue
85%
m'adresse
85%
un
85%
vos
85%
ces
84%
chansons
84%
J'veux
84%
poings
84%
caresses
83%
et
83%
Et
83%
mis
83%
ne
83%
c'est
80%
C'est
80%
qu'mes
80%
soient
80%
vous
80%
Vous
80%
j'ai
78%
J'ai
78%
jour
77%
pas
77%
qu'j'ai
77%
remuer
76%
sur
76%
sûr
76%
Mais
75%
peu
73%
Alors
72%
en
72%
En
72%
fait
72%
au
71%
Ecoutez
70%
pour
70%
Pour
70%
mes
68%
plus
68%
Plus
68%
bordel
67%
qu'on
67%
Tous
67%
tous
67%
journaleux
65%
par
65%
même
63%
télé
63%
toujourrs
63%
toujours
63%
leur
62%
main
62%
est
61%
journaux
60%
nez
60%
tout
60%
une
60%
Y
60%
comme
59%
d'un
59%
leurs
59%
tronche
59%
Depuis
58%
gonflé
58%
voit
58%
flics
57%
Marseillaise
57%
nom
57%
trop
57%
zinc
57%
aux
55%
Aux
55%
bistrot
55%
cradingues
55%
il
55%
qu'y
55%
rien
55%
Rien
55%
ringards
55%
soupe
55%
avec
54%
bleu
54%
empoisonnée
54%
haut
54%
m'avez
54%
sont
54%
Qu'le
53%
qu'le
53%
Si
52%
beau
51%
cons
51%
dégueuler
51%
gerber
51%
j'peux
51%
J'peux
51%
lutte
51%
marine
51%
pousse-mégots
51%
pousse- mégots
51%
tombeau
51%
d'la
50%
gaffe
50%
République
50%
dedans
49%
faites
49%
révolte
49%
rue
49%
systèmes
49%
veulent
49%
bavent
48%
chien
48%
copains
48%
fermer
48%
foutre
48%
j'crache
48%
j'crie
48%
manif
48%
seul
48%
soir
48%
urnes
48%
votre
48%
calots
47%
connards
47%
j'signe
47%
justice
47%
noir
47%
saluent
47%
tringle
47%
avenir
46%
grenades
46%
J'suis
46%
marcher
46%
métro
46%
militaires
46%
mort
46%
reggae
46%
teigneux
46%
canif
45%
demain
45%
drapeaux
45%
être
45%
foutent
45%
j'la
45%
j'reste
45%
l'armée
45%
récupéré
45%
Saint-Michel
45%
terre
45%
vie
45%
bourgeois
43%
cocktail
43%
disque
43%
d'or
43%
femme
43%
folkeux
43%
jamais
43%
marches
43%
mômes
43%
pavés
43%
Sans
43%
cadavre
42%
dernier
42%
feront
42%
l'avenir
42%
mot
42%
Olympia
42%
raison
42%
vont
42%
Aragon
41%
bouche
41%
ceux
41%
dit
41%
face
41%
gauchos
41%
jours
41%
photo
41%
pieds
41%
tiré
41%
torchons
41%
turne
41%
blaireaux
40%
chanteur
40%
cul
40%
fera
40%
incurables
40%
l'homme
40%
m'verra
40%
quoi
40%
crever
39%
l'poète
39%
parlent
39%
Renaud
39%
slogans
39%
Tant
39%
bonne
38%
démago
38%
fachos
38%
haine
38%
j'chante
38%
j'vends
38%
l'travail
38%
prison
38%
surement
38%
dingues
37%
j'me
37%
n'est
37%
p'tits
37%
Quand
37%
qu'écrivent
37%
ruisseau
37%
Saint-Lazare
37%
sera
37%
aura
36%
conscience
36%
flicards
36%
fusils
36%
qu'les
36%
chanterai
35%
défilant
35%
donne
35%
J'déclare
35%
mecs
35%
m'traitent
35%
Ont
35%
vieux
35%
Bastille-Nation
34%
crèvent
34%
frangins
34%
m'déglingue
34%
contre
33%
J'vais
33%
m'collent
33%
pauvres
33%
déguelasses
32%
d'minables
32%
encaisser
32%
fauteils
32%
répression
32%
Baader
30%
endoctrinés
30%
J'fous
30%
vivront
30%
qu'j'lirai
29%
retrouve
29%
l'instant
28%
nez d'boeufs
27%
nez-d'boeufs
27%
qu'ça
27%
qu'j'aime
26%
Choisir
25%
Gueuler
25%
m'laisser
25%
emboucaner
23%
j'crève
23%
s'ringues
23%
Bonnot
15%
Longwy
14%
d'crasses
12%
T't'façon
4%
unchak'
3%
Aucun quiz correspondant
Distribution des résultats
% des personnes avec chaque résultat
Percentile par nombre de réponses
Votre historique - résultats
Vous n’avez pas pris ce quiz